| 000 | 01287nam0a2200349 4500 | ||
|---|---|---|---|
| 001 | RU\NLR\bibl\1758306 | ||
| 005 | 20260405120430.0 | ||
| 010 |
_a978-5-904005-11-5 _95000 |
||
| 021 |
_aRU _b2011-19282 _91363 |
||
| 035 | _a(nilc)RSL-KNO-004916005 | ||
| 035 | _a(NLR Aleph) 001749133 | ||
| 090 |
_a1507658 _c1507658 |
||
| 100 | _a20110330d2011 |||y0rusy50 ca | ||
| 101 | 1 |
_arus _cara |
|
| 102 | _aRU | ||
| 105 | _ay ||||||||| | ||
| 200 | 1 |
_aТайны молитвы _fимам Мухаммад бин Абу Бакр известный как Ибн Къаййим аль-Джаузиййа 691-751 и.л.и. _gпер. [с араб.] Аетдинова Вильдана |
|
| 210 |
_aМосква _cМир _d2011 |
||
| 215 |
_a63 с. _d20 |
||
| 606 | 1 |
_aМолитвы мусульманские _92132565 _3RU\NLR\AUTH\661286398 |
|
| 686 |
_aЭ38-503.11,0 _2rubbk |
||
| 686 | 2 | _aЭ38-503.11 | |
| 700 | 0 |
_4070 _7ca _8rus _aИбн Кайим Аль-Джаузия _f1292-1350 _929561 _3RU\NLR\AUTH\7746626 |
|
| 702 | 1 |
_aАетдинов _bВ. _gВильдан _4730 |
|
| 801 | 0 |
_aRU _bRuMoRKP _c20110330 _grcr |
|
| 801 | 1 |
_aRU _bРГБ _c20110330 |
|
| 801 | 2 |
_aRU _bNLR _c20110413 _grcr |
|
| 942 | _cBOOK | ||
| 980 | _aNB | ||
| 980 | _aNBR | ||